[Event "Sachsen-Anhalt Landesliga-B 1920"]
[Site "Sachsen Anhalt"]
[Date "2019.09.29"]
[Round "1.4"]
[White "Swoboda, Peter"]
[Black "Dorrn, Burkhard"]
[Result "1/2-1/2"]
[WhiteElo "1897"]
[BlackElo "1604"]
[PlyCount "48"]
[EventDate "2019.09.29"]
[EventType "team-tourn"]
[EventRounds "9"]
[EventCountry "GER"]
[SourceTitle "EXT 2023"]
[Source "ChessBase"]
[SourceDate "2022.10.05"]
[SourceVersion "1"]
[SourceVersionDate "2022.10.05"]
[SourceQuality "1"]
[WhiteTeam "Halle USV III"]
[BlackTeam "Dessau II"]
[WhiteTeamCountry "GER"]
[BlackTeamCountry "GER"]

1. d4 Nf6 2. Nf3 d5 3. c4 c6 4. Nc3 Bf5 5. Qb3 Qb6 6. Qxb6 axb6 7. cxd5 Nxd5 8. Nxd5 cxd5 9. e3 Nc6 10. Bd2 Bd7 11. a3 e6 12. Rc1 Bd6 13. Bd3 Ke7 14. Ke2 h6 15. Rc3 Rhc8 16. Rhc1 Nd8 17. Rxc8 Rxc8 18. Rxc8 Bxc8 19. Bc3 Nc6 20. g3 Bd7 21. b4 Na7 22. Kd2 Ba4 23. e4 Bb3 24. Ke3 b5 1/2-1/2